Charismatics in Crisis: (Record no. 4102)

MARC details
000 -LEADER
fixed length control field 00462nam a22001697a 4500
003 - CONTROL NUMBER IDENTIFIER
control field GBCCL
005 - DATE AND TIME OF LATEST TRANSACTION
control field 20241126110511.0
008 - FIXED-LENGTH DATA ELEMENTS--GENERAL INFORMATION
fixed length control field 180112b xxu||||| |||| 00| 0 eng d
020 ## - INTERNATIONAL STANDARD BOOK NUMBER
International Standard Book Number 0854764526
040 ## - CATALOGING SOURCE
Transcribing agency gbc
082 ## - DEWEY DECIMAL CLASSIFICATION NUMBER
Classification number 260
Item number CUT
100 ## - MAIN ENTRY--PERSONAL NAME
Personal name Cuthbert, Nick
9 (RLIN) 6443
245 ## - TITLE STATEMENT
Title Charismatics in Crisis:
Remainder of title A Promise and A Warning /
Statement of responsibility, etc. Nick Cuthbert
260 ## - PUBLICATION, DISTRIBUTION, ETC.
Place of publication, distribution, etc. Eastbourne:
Name of publisher, distributor, etc. Kingsway Publications,
Date of publication, distribution, etc. 1994
300 ## - PHYSICAL DESCRIPTION
Extent 189 p.;
Dimensions 20 cm.
942 ## - ADDED ENTRY ELEMENTS (KOHA)
Source of classification or shelving scheme Dewey Decimal Classification
Koha item type Books
Koha issues (borrowed), all copies 2
Holdings
Withdrawn status Lost status Source of classification or shelving scheme Damaged status Not for loan Home library Current Library Shelving location Date acquired Total checkouts Full call number Barcode Date last seen Date last checked out Copy number Price effective from Koha item type
    Dewey Decimal Classification     GRACE BIBLE COLLEGE GRACE BIBLE COLLEGE Ministry & Mission 2018-01-12 2 260 CUT 004733 2025-05-01 2023-02-22 c.1 2018-01-12 Books
© Grace Bible College Library 2025